Champions olympiques français disparus et vivants et le zodiaque ! - Statistiques

Statistiques générales
  • Ce quiz a été pris 8 fois
  • Le résultat moyen est 10 sur 12
Statistiques - réponses
Rang Nombre de sportifs Signe % Correct
2 48 Bélier
100%
6 39 Capricorne
100%
5 41 Lion
100%
6 39 Balance
86%
9 35 Sagittaire
86%
1 54 Taureau
86%
9 35 Verseau
86%
12 33 Vierge
86%
11 34 Cancer
71%
3 43 Gémeaux
71%
4 42 Poissons
71%
8 37 Scorpion
71%
Aucun quiz correspondant
Distribution des résultats
% des personnes avec chaque résultat
Percentile par nombre de réponses
Votre historique - résultats
Vous n’avez pas pris ce quiz